Study for use with Macroeconomics: (Record no. 563)
[ view plain ]
| 000 -LEADER | |
|---|---|
| fixed length control field | 00523nam a22001697a 4500 |
| 005 - DATE AND TIME OF LATEST TRANSACTION | |
| control field | 20241102145140.0 |
| 008 - FIXED-LENGTH DATA ELEMENTS--GENERAL INFORMATION | |
| fixed length control field | 241102b |||||||| |||| 00| 0 eng d |
| 020 ## - INTERNATIONAL STANDARD BOOK NUMBER | |
| International Standard Book Number | 9780072836271 |
| 050 ## - LIBRARY OF CONGRESS CALL NUMBER | |
| Classification number | HB172.5 |
| Item number | .D435 DeL |
| 100 ## - MAIN ENTRY--PERSONAL NAME | |
| Personal name | Delong J. Bradford |
| 245 ## - TITLE STATEMENT | |
| Title | Study for use with Macroeconomics: |
| Remainder of title | Updated Edition/ |
| Statement of responsibility, etc. | J. Bradford DeLong & Martha Olney |
| 260 ## - PUBLICATION, DISTRIBUTION, ETC. | |
| Place of publication, distribution, etc. | Boston |
| Name of publisher, distributor, etc. | McGraw-Hill/Irwin |
| Date of publication, distribution, etc. | 2002 |
| 300 ## - PHYSICAL DESCRIPTION | |
| Extent | xvi. 430p.: |
| Other physical details | ill. |
| Dimensions | 27.5cm x 21.5cm |
| 650 ## - SUBJECT ADDED ENTRY--TOPICAL TERM | |
| Source of heading or term | Macroeconomics |
| 700 ## - ADDED ENTRY--PERSONAL NAME | |
| Personal name | Olney Martha |
| 942 ## - ADDED ENTRY ELEMENTS (KOHA) | |
| Source of classification or shelving scheme | Library of Congress Classification |
| Koha item type | Books |
| Suppress in OPAC | No |
| 999 ## - | |
| -- | 563 |
| -- | 563 |
| Withdrawn status | Lost status | Source of classification or shelving scheme | Damaged status | Not for loan | Collection | Home library | Current library | Shelving location | Date acquired | Total checkouts | Full call number | Barcode | Date last seen | Copy number | Price effective from | Koha item type |
|---|---|---|---|---|---|---|---|---|---|---|---|---|---|---|---|---|
| Library of Congress Classification | Non-fiction | Business Library (Miotso) | Business Library (Miotso) | General stacks | 11/02/2024 | HB172.5 .D435 DeL | BSSM00000083 | 11/02/2024 | 1 | 11/02/2024 | Books | |||||
| Library of Congress Classification | Non-fiction | Business Library (Miotso) | Business Library (Miotso) | General stacks | 11/02/2024 | HB172.5 .D435 DeL | BSSM00000084 | 11/02/2024 | 2 | 11/02/2024 | Books | |||||
| Library of Congress Classification | Non-fiction | Business Library (Miotso) | Business Library (Miotso) | General stacks | 11/02/2024 | HB172.5 .D435 DeL | BSSM00000085 | 11/02/2024 | 3 | 11/02/2024 | Books | |||||
| Library of Congress Classification | Non-fiction | Business Library (Miotso) | Business Library (Miotso) | General stacks | 11/02/2024 | HB172.5 .D435 DeL | BSSM00000086 | 11/02/2024 | 4 | 11/02/2024 | Books |